LEADER 01261nam a2200337 i 4500 001 991001159639707536 005 20020507184332.0 008 950721s|||| sz ||| | eng 020 $a0824768310 035 $ab1080898x-39ule_inst 035 $aLE01307976$9ExL 040 $aDip.to Matematica$beng 082 0 $a519.2 084 $aAMS 60-06 100 1 $aDobrushin, Roland Lvovich$061549 245 10$aMulticomponent random systems /$cedited by R. L. Dobrushin and Ya G. Sinai ; contributing editor D. Griffeath 260 $aNew York ; Basel :$bMarcel Dekker, 300 $axi, 606 p. :$bill. ;$c25 cm. 490 0 $aAdvances in probability and related topics ;$v6 500 $aIncludes bibliographical references. 500 $aOriginally published in Russian 650 4$aStochastic processes 650 4$aStochastic systems 700 1 $aGriffiths, David Francis 700 1 $aSina?, Yakov Grigor?evich 907 $a.b1080898x$b23-02-17$c28-06-02 912 $a991001159639707536 945 $aLE013 60-XX DOB11 (1980)$g1$i2013000032924$lle013$o-$pE0.00$q-$rl$s- $t0$u0$v0$w0$x0$y.i10914195$z28-06-02 996 $aMulticomponent random systems$9925025 997 $aUNISALENTO 998 $ale013$b01-01-95$cm$da $e-$feng$gsz $h0$i1 LEADER 02653nam 2200601 a 450 001 9910785103703321 005 20230721013526.0 010 $a3-8366-2565-2 035 $a(CKB)2670000000053332 035 $a(EBL)595094 035 $a(OCoLC)679421943 035 $a(SSID)ssj0000788489 035 $a(PQKBManifestationID)11514135 035 $a(PQKBTitleCode)TC0000788489 035 $a(PQKBWorkID)10828472 035 $a(PQKB)11023885 035 $a(MiAaPQ)EBC595094 035 $a(WaSeSS)Innodata00048202 035 $a(Au-PeEL)EBL595094 035 $a(CaPaEBR)ebr10487800 035 $a(EXLCZ)992670000000053332 100 $a20110901d2009 uy 0 101 0 $aeng 135 $aurcn||||||||| 181 $ctxt 182 $cc 183 $acr 200 10$aFinancing patterns of European buy-outs$b[electronic resource] /$fSascha Kaumann 210 $aHamburg $cDiplomica Verlag$d2009 215 $a1 online resource (92 p.) 300 $aCover title. 311 $a3-8366-7565-X 320 $aIncludes bibliographical references. 327 $aFinancing patterns of European Buy-Outs; Table of contents; List of Acronyms; List of Objects; 1. Introduction; 2. The quest for a theory on optimal capital structure; 3. Financing patterns of European Buy-Outs; 4. The capitalisation process and other sources of value; 5. Summary and outlook; 6. References; 7. Appendix 330 $aAs Buy-Outs became larger and more levered in the mid 2000's the European Leveraged Finance market experienced a wave of innovations. This research is concentrating on the capitalisation process of leveraged Buy-Outs in Europe, taking the perspective of an equity investor.We embark on the quest for the optimal capital structure by constructing an integrated model based on traditionalist (irrelevance hypothesis) and modernist (tax, risky debt and costly contracting hypothesis) views. In a second step we review common terms of financing instruments used in European Buy-Outs (ie. Senior debt, 606 $aConsolidation and merger of corporations$zEurope 606 $aLeveraged buyouts$zEurope 606 $aManagement buyouts$zEurope 606 $aVenture capital$zEurope 615 0$aConsolidation and merger of corporations 615 0$aLeveraged buyouts 615 0$aManagement buyouts 615 0$aVenture capital 676 $a658.16 676 $a658.162 700 $aKaumann$b Sascha$01474596 801 0$bMiAaPQ 801 1$bMiAaPQ 801 2$bMiAaPQ 906 $aBOOK 912 $a9910785103703321 996 $aFinancing patterns of European buy-outs$93688369 997 $aUNINA